Determinanty efektívnosti rozvoja cestovného ruchu na Slovensku v rámci globalizovanej Európy dizertačná práca

Uložené v:
Podrobná bibliografia
Hlavný autor: Vačková, Andrea
Korporativný autor: Obchodná fakulta EU. Katedra služieb a cestovného ruchu - zrušené
Ďalší autori: Pachingerová, Mária
Médium: Kniha
Jazyk:Slovak
Vydavateľské údaje: Bratislava 2011
Predmet:
Tagy: Pridať tag
Žiadne tagy, Buďte prvý, kto otaguje tento záznam!

MARC

LEADER 00000nam a2200000 4500
001 0136530
005 20240502072529.4
041 0 |a slo 
044 |a SK 
245 1 0 |a Determinanty efektívnosti rozvoja cestovného ruchu na Slovensku v rámci globalizovanej Európy  |b dizertačná práca  |c Andrea Vačková ; školiteľ: Mária Pachingerová 
264 1 |a Bratislava  |c 2011 
300 |a 145 s. 
610 2 0 |a ruch cestovný 
610 2 0 |a manažment 
610 2 0 |a Slovensko 
610 2 0 |a Európska únia 
610 2 0 |a globalizácia 
100 1 |a Vačková, Andrea 
700 1 |a Pachingerová, Mária 
710 2 |a Obchodná fakulta EU. Katedra služieb a cestovného ruchu - zrušené